01150nam a2200193Ia 4500001001100000003001000011008004100021040002500062041001300087100001800100245007300118250001100191260008900202300001200291500026000303501011400563520026000677650001900937L942-43569IT-CnALBA170116s9999||||xx |||||||||||||| ||und|| aIT-CnALBAcIT-CnALBA aITALIANO aBAUMAN JANINA 0aUN SOGNO DI APPARTENENZA. LA MIA VITA NELLA POLONIA DEL DOPOGUERRA.  a1a ed. aBOLOGNAbIL MULINO SOCIETÀ EDITRICEc1997 [1° Ed.:1997 - Ed.Ling.Originale: 1988] a244 p.  aVICENDE DELLA SUA ESISTENZA. 1945 1987. ROVINE MORALI. E MATERIALI DELLA GUERRA. ILLUSIONI COMUNISTE. SPERANZA SIONISTA. TENTATIVO DI RIFACIMENTO DELLA VITA. POLONIA INGHILETERRA ISRAELE, LE PATRIE. MALINCONIA DEI RICORDI. ABBANDONO DELLA POLONIA. TEL AVI aSocietà San Paolo EM - Piazza San Paolo, 14 - 12051 ALBA (CN) (non commercial uses only) ® Copyright 2017 aVICENDE DELLA SUA ESISTENZA. 1945 1987. ROVINE MORALI. E MATERIALI DELLA GUERRA. ILLUSIONI COMUNISTE. SPERANZA SIONISTA. TENTATIVO DI RIFACIMENTO DELLA VITA. POLONIA INGHILETERRA ISRAELE, LE PATRIE. MALINCONIA DEI RICORDI. ABBANDONO DELLA POLONIA. TEL AVI aSTORIA MODERNA